000 00482nam a22002177a 4500
003 OSt
005 20230908101647.0
008 230908b |||||||| |||| 00| 0 eng d
020 _a9788123904726
040 _cMRSPTU
041 _aENG
082 _a664
_bPO-F
100 _aPotter, Norman N
245 _aFood Science
250 _a5th
260 _aNew Delhi
_bCBS
_c2007
300 _a608p.
650 _aFood Science
700 _aHotchkiss, Joseph H.
942 _2ddc
_cBK
999 _c9880
_d9880